000 00724nam a2200241Ia 4500
003 OSt
005 20220925201948.0
006 a|||||r|||| 00| 0
007 ta
008 220923b |||||||| |||| 00| 0 eng d
020 _c100.00
037 _b7778, 07/04/1995, Sethi
_cGeneral Book
040 _aRTL
_cRTL
_beng
041 _2eng
_aeng
082 _aXw, N4
100 _aBASU Kaushik
_9122576
245 0 _aOf people, of places
_b Sketches from an economist' notebook
260 _aDelhi
_bOxford University Press
_c1994
300 _aviii;170p
_ccm.
650 _aBiography-Economics
_9262998
942 _hXw, N4
_cGB
_2CC
999 _c541953
_d541953